Представление документа в формате RUSMARC

ПолеНазваниеЗначение
  Тип записи a
  Библиографический уровень a
001 Контрольный номер RU/CBS_UL/BASE/32245c83700644a78825f64fbd6c20d1
005 Дата корректировки 20240313112721.1
100 Данные общей обработки __
a Данные общей обработки 20240313 ||| 0rusy0189 ca
101 Язык документа 0_
a Язык текста rus
102 Страна публикации __
a Страна публикации RU
200 Заглавие и сведения об ответственности 1_
a Заглавие Сценарий новогоднего праздника для детей старшего дошкольного возраста "Сказка о царе Салтане"
f Первые сведения об ответственности В. Янковская, Л. Трифонова, Р. Корнетова
300 Общие примечания __
a Общие примечания 0+
461 Уровень набора _0
1 2000
a Дошкольная педагогика
463 Уровень физической единицы _0
1 2000
a № 9
v С. 18-20
1 2101
d 2023
1 001RU/CBS_UL/BASE/1779d54fbb2e480b988d4f3977c4360a
606 Тематические рубрики 0_
a Основная рубрика Дошкольное воспитание - Художественно-эстетическое развитие
610 Ключевые слова 0_
a Ключевые слова дошкольная педагогика
610 Ключевые слова 0_
a Ключевые слова дошкольное воспитание
610 Ключевые слова 0_
a Ключевые слова художественно-эстетическое развитие дошкольников
610 Ключевые слова 0_
a Ключевые слова сценарии для дошкольников
610 Ключевые слова 0_
a Ключевые слова сценарии для детского сада
610 Ключевые слова 0_
a Ключевые слова новогодние сценарии для дошкольников
686 Индексы других классификаций __
2 Код системы rubbk
a Классификационный индекс 74.100.58
700 Автор _1
a Фамилия Янковская
b Имя (инициалы) В.
701 Альтернативная интеллектуальная ответственность _1
a Фамилия Трифонова
b Имя (инициалы) Л.
701 Альтернативная интеллектуальная ответственность _1
a Фамилия Корнетова
b Имя (инициалы) Р.
801 Источник записи _0
a Страна RU
b Организация МБУК ЦБС г. Ульяновска
c Дата составления 20240313
g Правила каталогизации RCR
801 Источник записи _1
a Страна RU
b Организация МБУК ЦБС г. Ульяновска
c Дата составления 20240313
g Правила каталогизации RCR
901 Тип документа __
t Тип документа b
w Контрольный № источника RU/CBS_UL/BASE/1779d54fbb2e480b988d4f3977c4360a
909 Создатель записи __
a Создатель записи oibd1